| 000 | 01044nam a22002891 4500 | ||
|---|---|---|---|
| 001 | 21643 | ||
| 003 | BD-RjUL | ||
| 005 | 20211209000718.0 | ||
| 008 | 140304s1967 mnuac b 011 0 engs | ||
| 035 | _a(BD-RjUL)21708 | ||
| 040 |
_aDLC _cDLC _dDLC _dBD-RjUL _beng |
||
| 041 | _aeng | ||
| 082 | 0 | 0 |
_a700.8 _bSTU 1967 |
| 245 | 1 | 0 |
_aStudies in criticism and aesthetics, 1660-1800 : _bessays in honor of Samuel Holt Monk / _cedited by Howard Anderson and John S. Shea. |
| 260 |
_aMinneapolis : _bUniversity of Minnesota Press, _cc1967. |
||
| 300 |
_a419 p. : _bill., port. ; _c24 cm. |
||
| 504 | _aIncludes bibliographical references and index. | ||
| 650 | 0 |
_aEnglish literature _y18th century _xHistory and criticism. _94254 |
|
| 650 | 0 |
_aAesthetics, British _y18th century. _966824 |
|
| 700 | 1 |
_aAnderson, Howard _q(Howard Peter) _966825 |
|
| 700 | 1 |
_aShea, John S., _ejoint ed. _966826 |
|
| 700 | 1 |
_aMonk, Samuel Holt. _966827 |
|
| 740 | 0 | _aCriticism and aesthetics, 1660-1800. | |
| 942 |
_2ddc _cBK |
||
| 999 |
_c21643 _d21643 |
||